О составе комиссий по 5 Всесоюзному Съезду Советов

Доступно только в Электронных читальных залах Найти на картеНа карте
RUSMARC
00004377nac2a22003013x 450
00134057288-87f2-4669-bf44-e155b83c8a92
00520230630214913.0
100##$a20230605l19291929k y0rusy50 ca
1010#$arus
102##$aRU
105##$ay z |||||
1222#$ad19290309
$ad19290517
2001#$aО составе комиссий по 5 Всесоюзному Съезду Советов
$j09.03.1929 - 17.05.1929
215##$a5 листов
$d36,5 х 24
251##$cДело
300##$aЗаголовок дела на папке: О составе комиссий по 5-му Всесоюзному Съезду Советов
300##$aНа папке дела: 9 марта 1929 г. - 17 июня 1929 г.
300##$aВ деле обратная нумерация
300##$aЧасть текста машинописная и рукописная, часть - напечатана типографским способом
324##$aВ деле имеются копии отдельных документов
461#0$1001796d4672-8a00-4986-b488-6e42273792cc
$12001
$aЦЕНТРАЛЬНЫЙ ИСПОЛНИТЕЛЬНЫЙ КОМИТЕТ СССР (ЦИК СССР).
$1251
$cФонд
$1852
$gР
$j3316
462#0$10016e6e8ba4-e15f-4ad4-8937-f1e88c150bfe
$12001
$aДела Секретариата Президиума ЦИК Союза ССР. 1929 г.
$vД. 134
$1251
$cОпись
$1852
$j22
5171#$aО составе комиссий по 5-му Всесоюзному Съезду Советов
60101$3RU\NLR\AUTH\880357276
$aСССР
$bЦИК
60101$3RU\NLR\AUTH\8810218416
$aСССР
$bСъезд Советов
$d5
801#0$aRU
$bGA_RF
801#1$aRU
$bГлавНИВЦ
$c20230605
$2rusmarc
801#2$aRU
$bПБ им. Б.Н. Ельцина
$c20230630
$gRCR
$2rusmarc
852##$aГА РФ
$j134
937##$d185907390
$hГАРФ
035##$aRuPRLIB51072218
856##$uhttp://readingroom.main.prlib.ru/item.aspx?id_node=n185907390&mode=full
Формат отображения